000 01065nam a2200301 a 4500
001 000007056
003 DO-SdBNP
005 20230310093948.0
007 ta
008 090904e2005 dr fr 001 edspa d
020 _a9993497134
040 _aDO-SdBNP
_bspa
_cBNPHU
082 4 _a618.922
_bT676e
_222
100 1 _aToral, Juan Carlos,
_d1966-
_910892
245 1 0 _aEnfermedades respiratorias del recién nacido y ventilación mecánica /
_cJuan Carlos Toral.
260 _aSanto Domingo :
_bCuesta-Veliz,
_c2005.
300 _a463 [3] p. ;
_c22 cm.
500 _aIncluye datos biográficos del autor en la solapa de la cubierta
504 _aIncluye referencias bibliográficas al final de los capítulos.
590 _aInventariado,2018/DG
650 4 _aEnfermedades respiratorias pediátricas
_919613
650 4 _aNeonatología
_919614
650 4 _aAparato respiratorio
_919615
650 4 _aInfecciones respiratorias en niños
_919616
650 4 _aRespiración artificial
_919617
910 _aValidado. Control de calidad MFF
942 _2ddc
_cLBS1
999 _c6839
_d6839